|
|
|
|
| LEADER |
00948nam a2200265 a 4500 |
| 001 |
c000181778 |
| 003 |
CARM |
| 005 |
20050322141750.0 |
| 008 |
751105s1975 sz b 000 0 eng |
| 015 |
|
|
|a Sw***
|
| 019 |
1 |
|
|a 280218
|z 27524866
|5 LACONCORD2021
|
| 020 |
|
|
|a 9221012964 :
|c 20.00F
|
| 035 |
|
|
|a (OCoLC)1597421
|5 LACONCORD2021
|
| 040 |
|
|
|a LC
|b eng
|c LC
|d AK
|
| 050 |
0 |
0 |
|a HD5106
|b .E8812
|
| 082 |
0 |
4 |
|a 331.2/57
|
| 100 |
1 |
|
|a Evans, Archibald A.
|
| 245 |
1 |
0 |
|a Hours of work in industrialised countries /
|c Archibald A. Evans.
|
| 260 |
|
|
|a Geneva :
|b International Labour Office,
|c 1975.
|
| 300 |
|
|
|a xiv, 164 p. ;
|c 24 cm.
|
| 504 |
|
|
|a Includes bibliographical references.
|
| 650 |
|
0 |
|a Hours of labor.
|
| 852 |
8 |
|
|b CARM
|h A2:AK25B0
|i B05447
|p 0248673
|f BK
|
| 999 |
f |
f |
|i d9dae791-841a-58fd-80ee-1cc4915dbc2c
|s d23801d3-7456-540a-b1ee-7e86e6b86397
|
| 952 |
f |
f |
|p Can circulate
|a CAVAL
|b CAVAL
|c CAVAL
|d CARM 1 Store
|e B05447
|f A2:AK25B0
|h Other scheme
|i book
|m 0248673
|